000 00437nam a2200133Ia 4500
008 231221s9999 xx 000 0 und d
020 _a978-0-387-31167-8
041 _aEnglish
100 _aPaul Dowland, Steve Furnell, Bhavani Thuraisingham, X. Sean Wang
245 0 _aSecurity Management, Integrity, and Internal Control in Information Systems
260 _c2006
_bSpringer US
_aNew York
650 _aComputer Science
942 _cEB
999 _c218113
_d218113